Представление документа в формате RUSMARC

ПолеНазваниеЗначение
  Тип записи a
  Библиографический уровень m
001 Контрольный номер RU/УОНБ/EK_N/591630705
005 Дата корректировки 20240130235029.1
010 Индекс ISBN __
9 Тираж 400 экз.
013 Номер (ISMN) __
a Номер (ISMN) 979-0-706380-60-5
d Цена 561 р.
071 Издательские номер (звукозапись и ноты) 21
a Номер, присвоенный агентством 15758
100 Данные общей обработки __
a Данные общей обработки 20181207d2013 u y0rusy0189||||ca
101 Язык документа 0_
a Язык текста rus
f Язык титульного листа rus
102 Страна публикации __
a Страна публикации RU
105 Кодированные данные (монография) __
a Кодированные данные (монография) y###||||000|y
125 Кодированные данные звукозаписи и нотных изданий __
a Форма изложения нотного текста с|
128 Кодированные данные (звукозаписи-физические характеристики) __
a Кодированные данные: Музыкальная форма и тональность или лад chs
b Инструменты или голоса, необходимые для ансамблей (устаревшее) cu||
c Инструменты или голоса, рекомендуемые для солистов (устаревшее) vu||
200 Заглавие и сведения об ответственности 1_
a Заглавие Вып. 1
b Общее обозначение материала Ноты
e Сведения, относящиеся к заглавию песни и хоры для уч-ся начальных кл.
e Сведения, относящиеся к заглавию [для пения (соло, ансамбль, хор) с сопровожд. и без сопровожд. фп.]
f Первые сведения об ответственности сост. Г. П. Сергеева
205 Сведения об издании __
a Основные сведения об издании Изд. 2-е, перераб.
210 Выходные данные 1_
d Дата издания 2013
215 Физическое описание __
a Объем 144 с.
300 Общие примечания __
a Общие примечания С метод. рекомендациями сост.
327 Примечание о содержании 11
a Примечание о содержании Содерж. : Раздел 1 : Произведения композиторов-классиков : Яковлев М. Зимний вечер / сл. А. Пушкина. - Глинка М. Ты, соловушка, умолкни / сл. В. Забилы ; рус. текст А. Любовского. - Мусоргский М. Вечерняя песня / сл. А. Плещеева. - Чайковский П. Старинная французская песенка / сл. Эм. Александровой ; Купался бобер / перелож. для хора М. Андреевой. - Кюи Ц. Времена года. - Лядов А. Окликание дождя / сл. нар. - Люлли Ж. Б. Песенка. - Бах И. С. Зима / рус. текст М. Ивенсен. - Гендель Г. Ф. Dignare. - Телеман Г. Счастье / сл. Д. Штопле ; рус. текст Я. Серпина ; перелож. для хора В. Попова. - Гайдн Й. Мы дружим с музыкой / рус. текст П. Синявского. - Моцарт В. А. Детские игры / сл. Кр. Овербека ; рус. текст А. Ефременкова. - Бетховен Л. Волшебный цветок / сл. Г. А. Бюргера ; пер. А. Ефременкова. - Шуберт Ф. Колыбельная песня / сл. М. Клаудиуса ; пер. А. Машистова. - Шуман Р. Тихий вечер, синий вечер / рус. текст С. Болотина. - Абт Ф. Вокализ. - Григ Э. Заход солнца / сл. А. Мунка ; пер. С. Свириденко. - Тома А. Вечерняя песня / сл. К. Ушинского. - Брамс Й. Колыбельная песня / сл. Г. Шерера ; рус. текст А. Машистова. - Раздел 2 : Народные песни : Русские народные песни : Пойду ль я, выйду ль я ; Перед весной / обраб. В. Попова. - Как у наших у ворот ; На горе-то калина ; Со вьюном я хожу / обраб. А. Луканина. - Скворцы прилетели. - Жил на свете комарочек. - Сеяли девушки яровой хмель. - Былина о Добрыне Никитиче / обраб. Н. Римского-Корсакова. - Соловей, соловеюшка / обраб. Д. Зарина. - У меня ль во садочке / обраб. Д. Яичкова. - У зори-то, у зореньки / обраб. А. Юрлова. - Жаров А. Коляда моя, коляда / сл. нар. - Песни народов мира : Выйди, выйди, солнышко : укр. ; Ой, в лесу есть калина ; Веснянка : укр. / обраб. А. Луканина. - Кума моя, кумочка : белорус. / рус. текст В. Викторова ; Дударики-дудари : белорус. / рус. текст С. Лешкевича. - Пой, моя кукушка, пой : молд. / рус. текст М. Волкомича. - Добрый мельник : литов. / рус. текст Н. Найденовой и В. Рождественского. - Весенний праздник : эст. / сл. П. Пихели ; рус. текст Н. Найденовой. - Колыбельная : груз. / пер. Т. Сикорской. - Черный козел : кирг. / рус. текст М. Лапирова. - Потанцуй со мной, дружок : нем. / обраб. В. Федорова ; рус. текст Р. Дольниковой ; Гусята : нем. / обраб. Т. Попатенко ; рус. текст А. Кузнецовой ; Музыканты : нем. / рус. текст К. Алемасовой. - Братец Яков : фр. ; Ученая коза : фр. / обраб. И. Ильина ; пер. Е. Филиц. - Любопытный дрозд : пол. / обраб. Ю. Блинова ; рус. текст М. Калининой. - Спи, засыпай : англ. / рус. текст Ю. Хазанова. - Колыбельная : уругв. - Утренняя серенада : мексик. / рус. текст П. Грушко. - Потанцуем : яп. / обраб. А. Бирчанского ; рус. текст Ю. Хазанова. - Веселый мельник : амер. / пер. Е. Филиц. - Родные просторы : песня амер. ковбоев / рус. текст Ю. Хазанова. - Раздел 3 : Песни современных композиторов : Дубравин Я. Огромный дом / сл. В. Суслова. - Свиридов Г. Песня о Москве / сл. А. Барто. - Струве Г. Моя Россия ; С нами, друг! / сл. Н. Соловьевой. - Иванников В. Осенняя сказка / сл. Т. Башмаковой. - Живов В. Глупая лошадь / сл. В. Левина. - Жаров А. Песенка-считалка / сл. А. Шлыгина. - Кикта В. Возвращайся, песенка! / сл. В. Татаринова. - Чайковский Б. Песенка Слоненка и мышей / сл. Д. Самойлова. - Ботяров Е. Рыжий, рыжий, конопатый / сл. Э. Успенского. - Кабалевский Д. В сказочном лесу / сл. В. Викторова : Доктор ; Учитель ; Лентяй. - Ефремов И. Поросята строят дом / сл. Р. Сэфа. - Юдахина О. Песенка про Деда Мороза / сл. И. Черницкой. - Добрынин В. Страна Перевертундия / сл. М. Пляцковского. - Ройтерштейн М. Песенка-небылица / сл. О. Высотской. - Подгайц Е. Ночной концерт / сл. Л. Яковлева. - Шаповаленко В. Два веселых маляра / сл. А. Вратарева. - Бажов С. Песенка про оркестр / сл. М. Яснова. - Якушенко И. Розовая песенка / сл. З. Петровой. - Казенин И. Песенка солнечных зайчиков / сл. Ф. Лаубе. - Славкин М. Кого я уважаю / сл. Е. Каргановой. - Баранова И. Скрюченная песенка / пер. К. Чуковского. - Гладков Гр. Мистер Жук / сл. Дж. Чиарди ; пер. Р. Сэфа. - Семенов В. Когда я стану миллионером / сл. В. Семенова. - Бойко Р. Дело было в Каролине (в амер. стиле) ; Хозяйка (в молд. стиле) ; Сапожки (в пол. стиле) / сл. В. Викторова. - Тугаринов Ю. Если другом стала песня / сл. Е. Румянцева. - Фримерт Э. А у меня есть флейта / сл. Э. Фримерт ; пер. М. Лаписовой. - Харада Рётаро. Птицы над взморьем / сл. Кагэсима Ториаки ; пер. Е. Филиц.
461 Уровень набора _0
1 001RU/УОНБ/EK_N/591630552
1 200
a Музыка в школе
b Ноты
v Вып. 1
1 210
a М.
c Музыка
d 2013 -
464 Аналитический уровень _0
1 2001
a Зимний вечер
e Буря мглою небо кроет...
1 700 1
a Яковлев
b М.
1 702 1
a Пушкин
b А.
4 520
464 Аналитический уровень _0
1 2001
a Ты, соловушка, умолкни
e Ты, соловушка, умолкни...
1 700 1
a Глинка
b М.
1 702 1
a Забила
b В.
4 520
1 702 1
a Любовский
b А.
4 730
464 Аналитический уровень _0
1 2001
a Вечерняя песня
e Вечер отрадный лег на холмах...
1 700 1
a Мусоргский
b М.
1 702 1
a Плещеев
b А.
4 520
464 Аналитический уровень _0
1 2001
a Старинная французская песенка
e Под вечер над рекой прохлада и покой...
e из "Детского альбома"
1 700 1
a Чайковский
b П.
1 702 1
a Александрова
b Эм.
4 520
1 50010
a Детский альбом
464 Аналитический уровень _0
1 2001
a Времена года
e Как вернется к нам весна...
1 700 1
a Кюи
b Ц.
464 Аналитический уровень _0
1 2001
a Окликание дождя
e Дождик, дождик, припусти...
1 700 1
a Лядов
b А.
1 702 1
a Слова народные
4 520
464 Аналитический уровень _0
1 2001
a Песенка
e вокализ
1 700 1
a Люлли
b Ж. Б.
464 Аналитический уровень _0
1 2001
a Зима
e О, зимний вечер, как ты долог...
e ария из "Нотной тетради Анны Магдалины Бах"
1 700 1
a Бах
b И. С.
1 702 1
a Ивенсен
b М.
4 730
1 50010
a Нотная тетрадь Анны Магдалины Бах
464 Аналитический уровень _0
1 2001
a Dignare
e Dignare, o Domine...
1 700 1
a Гендель
b Г. Ф.
464 Аналитический уровень _0
1 2001
a Счастье
e Поля, и дубравы, и пышные травы...
1 700 1
a Телеман
b Г.
1 702 1
a Штопле
b Д.
4 520
1 702 1
a Серпин
b Я.
4 730
1 702 1
a Попов
b В.
4 030
464 Аналитический уровень _0
1 2001
a Мы дружим с музыкой
e Если мы дружим с музыкой с детства...
1 700 1
a Гайдн
b Й.
1 702 1
a Синявский
b П.
4 730
464 Аналитический уровень _0
1 2001
a Детские игры
e Мы дети, мы в радости светлой живем...
1 700 1
a Моцарт
b В. А.
1 702 1
a Овербек
b Кр.
4 520
1 702 1
a Ефременков
b А.
4 730
464 Аналитический уровень _0
1 2001
a Волшебный цветок
e В тиши долины цветик мой из травки вверх глядит...
1 700 1
a Бетховен
b Л.
1 702 1
a Бюргер
b Г. А.
4 520
1 702 1
a Ефременков
b А.
4 730
464 Аналитический уровень _0
1 2001
a Колыбельная песня
e Баю, баю, спи, малыш мой, сладко...
1 700 1
a Шуберт
b Ф.
1 702 1
a Клаудиус
b М.
4 520
1 702 1
a Машистов
b А.
4 730
464 Аналитический уровень _0
1 2001
a Тихий вечер, синий вечер
e Тихий вечер, синий вечер...
1 700 1
a Шуман
b Р.
1 702 1
a Болотин
b С.
4 730
464 Аналитический уровень _0
1 2001
a Вокализ
1 700 1
a Абт
b Ф.
464 Аналитический уровень _0
1 2001
a Заход солнца
e Находит тень, и дню конец...
1 700 1
a Григ
b Э.
1 702 1
a Мунк
b А.
4 520
1 702 1
a Свириденко
b С.
4 730
464 Аналитический уровень _0
1 2001
a Вечерняя песня
e Слети к нам, тихий вечер...
1 700 1
a Тома
b А.
1 702 1
a Ушинский
b К.
4 520
464 Аналитический уровень _0
1 2001
a Колыбельная песня
e Наступил час ночной...
1 700 1
a Брамс
b Й.
1 702 1
a Шерер
b Г.
4 520
1 702 1
a Машистов
b А.
4 730
464 Аналитический уровень _0
1 2001
a Пойду ль я, выйду ль я
e Пойду ль я, выйду ль я да...
1 702 1
a Попов
b В.
4 030
464 Аналитический уровень _0
1 2001
a Как у наших у ворот
e Как у наших у ворот...
1 702 1
a Луканин
b А.
4 030
464 Аналитический уровень _0
1 2001
a Скворцы прилетели
e Скворцы прилетели...
464 Аналитический уровень _0
1 2001
a Жил на свете комарочек
e Жил на свете комарочек...
464 Аналитический уровень _0
1 2001
a Сеяли девушки яровой хмель
e Сеяли девушки яровой хмель...
464 Аналитический уровень _0
1 2001
a Былина о Добрыне Никитиче
e Что не белая береза к земле клонится...
1 702 1
a Римский-Корсаков
b Н.
4 030
464 Аналитический уровень _0
1 2001
a Соловей, соловеюшка
e Соловей, соловеюшка...
1 702 1
a Зарин
b Д.
4 030
464 Аналитический уровень _0
1 2001
a У меня ль во садочке
e У меня ль во садочке...
1 702 1
a Яичков
b Д.
4 030
464 Аналитический уровень _0
1 2001
a У зори-то, у зореньки
e У зори-то, у зореньки...
1 702 1
a Юрлов
b А.
4 030
464 Аналитический уровень _0
1 2001
a Коляда моя, коляда
e Коляда моя, коляда...
1 700 1
a Жаров
b А.
1 702 1
a Слова народные
4 520
464 Аналитический уровень _0
1 2001
a Выйди, выйди, солнышко
e Выйди, выйди, солнышко...
e укр.
464 Аналитический уровень _0
1 2001
a Кума моя, кумочка
e Кума моя, кумочка...
e белорус.
e канон
1 702 1
a Викторов
b В.
4 030
464 Аналитический уровень _0
1 2001
a Пой, моя кукушка, пой
e Пой, моя кукушка, пой...
e молд.
1 702 1
a Волкомич
b М.
4 730
464 Аналитический уровень _0
1 2001
a Добрый мельник
e Есть у мельника три сына...
e литов.
e канон
1 702 1
a Найденова
b Н.
4 730
1 702 1
a Рождественский
b В.
4 730
464 Аналитический уровень _0
1 2001
a Весенний праздник
e Лебедь снег унес...
e эст.
1 702 1
a Пихели
b П.
4 520
1 702 1
a Найденова
b Н.
4 730
464 Аналитический уровень _0
1 2001
a Колыбельная
e Баю, баю, спи, мой милый...
e груз.
1 702 1
a Сикорская
b Т.
4 730
464 Аналитический уровень _0
1 2001
a Черный козел
e Наш козел рогатый...
e кирг.
1 702 1
a Лапиров
b М.
4 730
464 Аналитический уровень _0
1 2001
a Потанцуй со мной, дружок
e Потанцуй со мной, дружок...
e нем.
1 702 1
a Федоров
b В.
4 030
1 702 1
a Дольникова
b Р.
4 730
464 Аналитический уровень _0
1 2001
a Братец Яков
e Братец Яков, братец Яков, что ты спишь...
e фр.
e канон
464 Аналитический уровень _0
1 2001
a Любопытный дрозд
e Мимо базара мчался дрозд...
e пол.
1 702 1
a Блинов
b Ю.
4 030
1 702 1
a Калинина
b М.
4 730
464 Аналитический уровень _0
1 2001
a Спи, засыпай
e Спи, баю-бай...
e англ.
1 702 1
a Хазанов
b Ю.
4 730
464 Аналитический уровень _0
1 2001
a Колыбельная
e Хочет спать мой мальчик...
e уругв.
464 Аналитический уровень _0
1 2001
a Утренняя серенада
e Какое славное утро...
e мексик.
1 702 1
a Грушко
b П.
4 730
464 Аналитический уровень _0
1 2001
a Потанцуем
e Вот наш сад, а в нем цветы, куда ты ни взгляни...
e яп.
1 702 1
a Бирчанский
b А.
4 030
1 702 1
a Хазанов
b Ю.
4 730
464 Аналитический уровень _0
1 2001
a Веселый мельник
e Над шумной быстрою рекой...
e амер.
1 702 1
a Филиц
b Е.
4 730
464 Аналитический уровень _0
1 2001
a Родные просторы
e Прожить бы весь век...
e песня амер. ковбоев
1 702 1
a Хазанов
b Ю.
4 730
464 Аналитический уровень _0
1 2001
a Огромный дом
e Огромный дом, уютный дом...
1 700 1
a Дубравин
b Я.
1 702 1
a Суслов
b В.
4 520
464 Аналитический уровень _0
1 2001
a Песня о Москве
e Деревья в три обхвата...
1 700 1
a Свиридов
b Г.
1 702 1
a Барто
b А.
4 520
464 Аналитический уровень _0
1 2001
a Моя Россия
e У моей России длинные косички...
1 700 1
a Струве
b Г.
1 702 1
a Соловьева
b Н.
4 520
464 Аналитический уровень _0
1 2001
a Осенняя сказка
e День прохладный, голубой...
1 700 1
a Иванников
b В.
1 702 1
a Башмакова
b Т.
4 520
464 Аналитический уровень _0
1 2001
a Глупая лошадь
e Лошадь купила четыре калоши...
1 700 1
a Живов
b В.
1 702 1
a Левин
b В.
4 520
464 Аналитический уровень _0
1 2001
a Песенка-считалка
e Приготовьте быстро перья...
1 700 1
a Жаров
b А.
1 702 1
a Шлыгин
b А.
4 520
464 Аналитический уровень _0
1 2001
a Возвращайся, песенка!
e Как нам было весело майским днем!..
1 700 1
a Кикта
b В.
1 702 1
a Татаринов
b В.
4 520
464 Аналитический уровень _0
1 2001
a Песенка Слоненка и мышей
e Слон играет на трубе...
e из радиопередачи "Слоненок пошел учиться"
1 700 1
a Чайковский
b Б.
1 702 1
a Самойлов
b Д.
4 520
1 50010
a Слоненок пошел учиться
464 Аналитический уровень _0
1 2001
a Рыжий, рыжий, конопатый
e Если мальчик конопат...
e из мф. "Веселая карусель"
1 700 1
a Ботяров
b Е.
1 702 1
a Успенский
b Э.
4 520
1 50010
a Веселая карусель
464 Аналитический уровень _0
1 2001
a В сказочном лесу
e муз. картинки
1 700 1
a Кабалевский
b Д.
464 Аналитический уровень _0
1 2001
a Поросята строят дом
e Ни двора и ни кола...
e из мф. "Бим, Бам, Бом"
1 700 1
a Ефремов
b И.
1 702 1
a Сэф
b Р.
4 520
1 50010
a Бим, Бам, Бом
464 Аналитический уровень _0
1 2001
a Песенка про Деда Мороза
e Кто такой Дед Мороз...
1 700 1
a Юдахина
b О.
1 702 1
a Черницкая
b И.
4 520
464 Аналитический уровень _0
1 2001
a Страна Перевертундия
e Страна Перевертундия...
1 700 1
a Добрынин
b В.
1 702 1
a Пляцковский
b М.
4 520
464 Аналитический уровень _0
1 2001
a Песенка-небылица
e Разговор бывает всякий...
1 700 1
a Ройтерштейн
b М.
1 702 1
a Высотская
b О.
4 520
464 Аналитический уровень _0
1 2001
a Ночной концерт
e Рыжие, белые, черные кошки...
1 700 1
a Подгайц
b Е.
1 702 1
a Яковлев
b Л.
4 520
464 Аналитический уровень _0
1 2001
a Два веселых маляра
e Жили-были два веселых друга маляра...
1 700 1
a Шаповаленко
b В.
1 702 1
a Вратарев
b А.
4 520
464 Аналитический уровень _0
1 2001
a Песенка про оркестр
e На заре лесные птицы начинают петь...
1 700 1
a Бажов
b С.
1 702 1
a Яснов
b М.
4 520
464 Аналитический уровень _0
1 2001
a Розовая песенка
e Солнце краской розовой...
1 700 1
a Якушенко
b И.
1 702 1
a Петрова
b З.
4 520
464 Аналитический уровень _0
1 2001
a Песенка солнечных зайчиков
e Солнышко проснулось и взошло...
e из мф. "Солнечные зайчики"
1 700 1
a Казенин
b И.
1 702 1
a Лаубе
b Ф.
4 520
1 50010
a Солнечные зайчики
464 Аналитический уровень _0
1 2001
a Кого я уважаю
e Я уважаю муравья...
1 700 1
a Славкин
b М.
1 702 1
a Карганова
b Е.
4 520
464 Аналитический уровень _0
1 2001
a Скрюченная песенка
e Жил на свете человек, скрюченные ножки...
e англ. потешка
1 700 1
a Баранова
b И.
1 702 1
a Чуковский
b К.
4 730
464 Аналитический уровень _0
1 2001
a Мистер Жук
e Был когда-то я знаком...
1 700 1
a Гладков
b Гр.
1 702 1
a Чиарди
b Дж.
4 520
1 702 1
a Сэф
b Р.
4 730
464 Аналитический уровень _0
1 2001
a Когда я стану миллионером
e Когда я стану миллионером...
e дуэт Тома и Гека из мюзикла "Том Сойер и другие"
1 700 1
a Семенов
b В.
1 702 1
a Семенов
b В.
4 520
1 50010
a Том Сойер и другие
464 Аналитический уровень _0
1 2001
a Дело было в Каролине
e Дело было в Каролине...
e в амер. стиле
e из цикла "Песни в стиле народов мира"
1 700 1
a Бойко
b Р.
1 702 1
a Викторов
b В.
4 520
1 50010
a Песни в стиле народов мира
464 Аналитический уровень _0
1 2001
a Если другом стала песня
e Наша светлая планета...
1 700 1
a Тугаринов
b Ю.
1 702 1
a Румянцев
b Е.
4 520
464 Аналитический уровень _0
1 2001
a А у меня есть флейта
e А у меня есть флейта...
1 700 1
a Фримерт
b Э.
1 702 1
a Фримерт
b Э.
4 520
1 702 1
a Лаписова
b М.
4 730
464 Аналитический уровень _0
1 2001
a Птицы над взморьем
e Даль морскую скрыла мгла...
1 700 1
a Рётаро
b Х.
1 702 1
a Ториаки
b К.
4 520
1 702 1
a Филиц
b Е.
4 730
464 Аналитический уровень _0
1 2001
a Купался бобер
e Купался, купался бобер...
e из муз. к весенней сказке А. Островского "Снегурочка"
1 700 1
a Чайковский
b П.
1 702 1
a Андреева
b М.
4 030
1 50010
a Снегурочка
464 Аналитический уровень _0
1 2001
a Перед весной
e Вот уж зимушка проходит...
1 702 1
a Попов
b В.
4 030
464 Аналитический уровень _0
1 2001
a На горе-то калина
e На горе-то калина...
1 702 1
a Луканин
b А.
4 030
464 Аналитический уровень _0
1 2001
a Со вьюном я хожу
e Со вьюном я хожу...
1 702 1
a Луканин
b А.
4 030
464 Аналитический уровень _0
1 2001
a Ой, в лесу есть калина
e Ой, в лесу есть калина...
e укр.
1 702 1
a Луканин
b А.
4 030
464 Аналитический уровень _0
1 2001
a Веснянка
e Стало ясно солнышко припекать, припекать...
e укр.
1 702 1
a Луканин
b А.
4 030
464 Аналитический уровень _0
1 2001
a Дударики-дудари
e Заиграли музыканты, нарядились, будто франты...
e белорус.
1 702 1
a Лешкевич
b С.
4 030
464 Аналитический уровень _0
1 2001
a Гусята
e Первые снежинки на землю летят...
e нем.
1 702 1
a Попатенко
b Т.
4 030
1 702 1
a Кузнецова
b А.
4 730
464 Аналитический уровень _0
1 2001
a Музыканты
e Пусть будет вьюга...
e нем.
e канон
1 702 1
a Алемасова
b К.
4 730
464 Аналитический уровень _0
1 2001
a Ученая коза
e Коза когда-то здесь ученая жила...
e фр.
1 702 1
a Ильин
b И.
4 030
1 702 1
a Филиц
b Е.
4 730
464 Аналитический уровень _0
1 2001
a С нами, друг!
e С нами, друг! С нами, друг!..
1 700 1
a Струве
b Г.
1 702 1
a Соловьева
b Н.
4 520
464 Аналитический уровень _0
1 2001
a Доктор
e А Лисица-докторица всех больных зовет лечиться...
1 700 1
a Кабалевский
b Д.
1 702 1
a Викторов
b В.
4 520
1 50010
a В сказочном лесу
464 Аналитический уровень _0
1 2001
a Учитель
e Волк сказал зверюшкам строго...
1 700 1
a Кабалевский
b Д.
1 702 1
a Викторов
b В.
4 520
1 50010
a В сказочном лесу
464 Аналитический уровень _0
1 2001
a Лентяй
e Хоть и жарко, хоть и зной...
1 700 1
a Кабалевский
b Д.
1 702 1
a Викторов
b В.
4 520
1 50010
a В сказочном лесу
464 Аналитический уровень _0
1 2001
a Хозяйка
e Ой, не ведала хозяйка, как на свете жить...
e в молд. стиле
e из цикла "Песни в стиле народов мира"
1 700 1
a Бойко
b Р.
1 702 1
a Викторов
b В.
4 520
1 5010
a Песни в стиле народов мира
464 Аналитический уровень _0
1 2001
a Сапожки
e Яся польку танцевала...
e в пол. стиле
e из цикла "Песни в стиле народов мира"
1 700 1
a Бойко
b Р.
1 702 1
a Викторов
b В.
4 520
1 50010
a Песни в стиле народов мира
512 Заглавие обложки 1_
a Заглавие обложки Музыка в школе
606 Тематические рубрики 0_
a Основная рубрика Детские песни
x Основная подрубрика Песни и хоры
x Основная подрубрика Учебные пособия
610 Ключевые слова 0_
a Ключевые слова музыка в школе
610 Ключевые слова 0_
a Ключевые слова учебные пособия
610 Ключевые слова 0_
a Ключевые слова песни и хоры детские
686 Индексы других классификаций __
a Классификационный индекс 85.98я71
2 Код системы rubbk
702 Вторичная интеллектуальная ответственность _1
a Фамилия Сергеева
b Имя (инициалы) Г. П.
4 Код отношения 220
801 Источник записи _0
a Страна RU
b Организация Ульяновская ОНБ
c Дата составления 20181207
g Правила каталогизации RCR
801 Источник записи _1
a Страна RU
b Организация Ульяновская ОНБ
c Дата составления 20181207
g Правила каталогизации RCR
901 Тип документа __
t Тип документа n
w Контрольный № источника RU/УОНБ/EK_N/591630552
909 Создатель записи __
a Создатель записи Грязнова И. Е.
938 Служебная информация __
a Имя БД noti
b Имя библиотеки УОНБ
c Имя АИБС МАРК-SQL
d Номер DOC_ID в БД 19153